Open Data Biblioteca Nacional de Portugal


República Portuguesa: Ministério da Cultura
Biblioteca Nacional de Portugal

Catálogo da BNP: acesso por Identificadores Unívocos
Registos Bibliográficos associados ao registo de autoridade

Etiqueta de registo: 00254nkm 2200025 450
001 2285629
003 http://id.bnportugal.gov.pt/bib/catbnp/2285629
100 ## $a20260502d1962 m y0pory01030103ba
101 0# $apor
102 ## $aPT
116 ## $am
200 1# $aConcurso dos Namorados$bVisual gráfico]$egrande iniciativa do jornal O Século
210 #9 $aLisboa$cO Século,$d[1962?]
215 ## $a96 p.$cil., p&b$d19x24 cm
304 ## $aIlustradores: Álvaro Duarte de Almeida, Carlos Ribeiro, Eduardo Teixeira Coelho, José Felix, António Serra Alves Mendes (Meco), Thomaz de Mello (Tom), Baltazar Ortega, Domingos Saraiva, José Garcês
316 ## $aCaderneta por preencher; contém apenas as gravuras de origem impressas na própria estrutura
317 ## $aColeção Leandro de Moraes Sarmento$5PTBN: L.M.S. 958
330 ## $aColeção de 90 gravuras a preto e branco (12x9 cm) alusivas ao tema do namoro. Gravuras numeradas, publicadas diariamente no jornal O Século (canto superior esquerdo da pág. 2), para recortar e colar sobre as figuras e os números correspondentes
517 1# $aCaderneta [do] Concurso dos Namorados
606 ## $aPublicações juvenis$yPortugal$zSéc. 20$xIlustrações$2SIPOR$31997736
675 ## $a087.5(084.1)$vBN$zpor$3288233
702 #1 $aAlmeida,$bÁlvaro Duarte de,$f1909-1972$4440$31201
702 #1 $aGarcês,$bJosé,$f1928-2020$4440$330188
702 #1 $95$aRibeiro,$bCarlos$4440$31009435
702 #1 $aCoelho,$bEduardo Teixeira,$f1919-2005$4440$331614
702 #1 $93$aFélix,$bJosé$4440$3285235
702 #0 $aMéco,$cpseud.$4440$389291
702 #0 $aTom,$cpseud.$4440$380167
702 #1 $91$aOrtega,$bBaltazar$4440$31997461
702 #1 $aSaraiva,$bDomingos,$f1908-1994$4440$3109461
710 02 $a O Século$c(firma)$3419694
801 #0 $aPT$bBN$gRPC
966 ## $lBN$mFGMON$pBiblioteca particular Leandro de Moraes Sarmento$sL.M.S. 958 $x3

OpendataBNP@bnportugal.pt | Mais informação sobre acesso aos dados BNP